000 00570nam a2200217 a 4500
001 BRL_993
005 20190320211002.0
008 301013s1964----mx-#######---#000-1#spa-#
041 _aspa
044 _amx
050 4 _aPQ7297
_b.L48 78 1964
100 1 _aRevueltas, José
_925516
245 1 0 _aLos errores
_cpor José Revueltas.
260 _aMéxico
_bFondo de Cultura Económica
_c1964
300 _a352 p.
_c18 cm.
440 0 _aLetras mexicanas
_v78
_925517
500 _aAu1085
650 1 4 _anovela mexicana
_ySiglo XX
_923904
902 _aGRL
942 _2lcc
_cB
999 _c9805
_d9805